000 00907nam a2200289Ia 4500
003 OSt
005 20221007122906.0
006 a|||||r|||| 00| 0
007 ta
008 221006b |||||||| |||| 00| 0 eng d
020 _a9789814518444 (pbk)
024 _a191622
037 _b2766, 05/02/2015, Ashutosh Technical Books
_cTextual
040 _aPAPL
_cPAPL
_beng
041 _2eng
_aeng
082 _aC, Q4 Carpa
100 _aGreen Dan
_9715560
245 0 _aOne hundred physics visualizations using matlab
260 _aNew
_bJersey W S
_c2014
300 _axv, 295p.
_ccm.
500 _aAppendix 240-288p.; References 289-290p.; Index 291-295p.
650 _a Classical mechanics
_9713742
650 _a Electromagnetism
650 _aPhysics
942 _hC, Q4 Carpa
_cTEXL
_2CC
999 _c1211081
_d1211081